000 00763nam a22002177a 4500
999 _c20747
_d20747
005 20200128124446.0
008 200128b xxu||||| |||| 00| 0 spa d
040 _aCO-BoIAVH
_cCO-BoIAVH
041 _aspa
044 _ack
110 _aInstituto de Investigaciones Ambientales del Pacífico
245 _aCartilla de resultados.
260 _as.l.:
_bInstituto de Investigaciones Ambientales del Pacífico,
_cs.f.
300 _a11 Páginas:
_bfotografías, tablas y mapas,
_c23 x 21 cm.
650 0 _aOrdenamiento ambiental
650 0 _aReserva forestal
650 0 _aConservación y uso sostenible
650 0 _aRecursos forestales
651 0 _aReserva forestal del pacifico
_zColombia
942 _2ddc
_cFolleto